Normal view
MARC view
- التعليم الخاص-المعوقون-تعليم
Entry Topical Term
001 - CONTROL NUMBER
- control field: 22475
003 - CONTROL NUMBER IDENTIFIER
- control field: JO-AjAnu
005 - DATE AND TIME OF LATEST TRANSACTION
- control field: 20230606073859.0
008 - FIXED-LENGTH DATA ELEMENTS
- fixed length control field: 230606|| aca||aabn | a|a d
040 ## - CATALOGING SOURCE
- Original cataloging agency: JO-AjAnu
- Transcribing agency: JO-AjAnu
150 ## - HEADING--TOPICAL TERM
- Topical term or geographic name entry element: التعليم الخاص-المعوقون-تعليم
670 ## - SOURCE DATA FOUND
- Source citation: Work cat.: (JO-AjAnu)11551: Ramsey,Robert S مؤلف/Henley,Martin م.مؤلف/Algozzine,Robert Fمشارك/ F. السرطاوي،زيدان أحمد مترجم, author 22474, تدريس الطلبة ذوي الإعاقات البسيطة = Teaching Students With Mild Disabilites